书目信息 |
| 题名: |
中国省级环境绩效评估
|
|
| 作者: | 董战峰 , 郝春旭 , 葛察忠 , 李红祥 编著 | |
| 分册: | 2014-2015 | |
| 出版信息: | 北京 中国环境出版集团 2019.11 |
|
| 页数: | 259页 | |
| 开本: | 24cm | |
| 丛书名: | 环境绩效评估与审计系列丛书 | |
| 单 册: | ||
| 中图分类: | X321.2 | |
| 科图分类: | ||
| 主题词: | 省--sheng--区域环境管理--评估--中国--2014-2015 | |
| 电子资源: | ||
| ISBN: | 978-7-5111-4160-6 | |
| 000 | 01381nam 2200313 450 | |
| 001 | 0100016315 | |
| 005 | 20200929160439.0 | |
| 010 | @a978-7-5111-4160-6@b精装@dCNY50.00 | |
| 100 | @a20191225d2019 em y0chiy50 ea | |
| 101 | 0 | @achi |
| 102 | @aCN@b110000 | |
| 105 | @aak a 000yy | |
| 106 | @ar | |
| 200 | 1 | @a中国省级环境绩效评估@Azhong guo sheng ji huan jing ji xiao ping gu@h2014-2015@f董战峰 ... [等] 编著 |
| 210 | @a北京@c中国环境出版集团@d2019.11 | |
| 215 | @a259页@c图@d24cm | |
| 225 | 2 | @a环境绩效评估与审计系列丛书@Ahuan jing ji xiao ping gu yu shen ji xi lie cong shu |
| 304 | @a题名页题其余责任者: 郝春旭, 葛察忠, 李红祥 | |
| 320 | @a有书目 (第211-217页) | |
| 330 | @a本书以江苏省、浙江省、天津市、成都市等地区为典型案例, 构建环境绩效评估指标体系, 研究环境与经济、社会间的相互作用与影响, 识别环境后果与预定环境目标之间的差距, 辨析环境政策实施过程中的成效, 评估环境管理的效果 ; 为建立长期的、制度化中国环境绩效评估制度提供技术支持, 为政府部门环境、经济政策决策提供科学依据。 | |
| 410 | 0 | @12001 @a环境绩效评估与审计系列丛书 |
| 606 | 0 | @a省@Asheng@x区域环境管理@x评估@y中国@z2014-2015 |
| 690 | @aX321.2@v5 | |
| 701 | 0 | @a董战峰@Adong zhan feng@4编著 |
| 701 | 0 | @a郝春旭@Ahao chun xu@4编著 |
| 701 | 0 | @a葛察忠@Age cha zhong@4编著 |
| 701 | 0 | @a李红祥@Ali hong xiang@4编著 |
| 801 | 0 | @aCN@c20191225 |
| 905 | @a河南城建学院图书馆@dX321.2@f1@eD755 | |
| 中国省级环境绩效评估.2014-2015/董战峰 ... [等] 编著.-北京:中国环境出版集团,2019.11 |
| 259页:图;24cm.-(环境绩效评估与审计系列丛书) |
| ISBN 978-7-5111-4160-6(精装):CNY50.00 |
| 本书以江苏省、浙江省、天津市、成都市等地区为典型案例, 构建环境绩效评估指标体系, 研究环境与经济、社会间的相互作用与影响, 识别环境后果与预定环境目标之间的差距, 辨析环境政策实施过程中的成效, 评估环境管理的效果 ; 为建立长期的、制度化中国环境绩效评估制度提供技术支持, 为政府部门环境、经济政策决策提供科学依据。 |
| ● |
| 相关链接 |
|
|
|
正题名:中国省级环境绩效评估
索取号:X321.2/D755
 
预约/预借
| 序号 | 登录号 | 条形码 | 馆藏地/架位号 | 状态 | 备注 |
| 1 | 1493416 | 214934160 | 自科库501/501自科库 95排1列5层/ [索取号:X321.2/D755] | 在馆 |